Team Fortress 2 Classes (TF2) - Statistics

General Stats
  • This quiz has been taken 2,283 times
    2,282 since last reset
  • The average score is 9 of 9
Answer Stats
Offensive % Correct
Heavy
98%
Medic
98%
Scout
98%
Spy
98%
Sniper
96%
Pyro
95%
Demoman
94%
Soldier
94%
Engineer
93%
No matching quizzes found
Score Distribution
Percent of People with Each Score
Percentile by Number Answered
Your Score History
You have not taken this quiz since the last reset